The iron-ore deposits of Bihar and Orissa, (Record no. 27155)

MARC details
000 -LEADER
fixed length control field 00859cam a22002411 4500
001 - CONTROL NUMBER
control field gs 34001038
003 - CONTROL NUMBER IDENTIFIER
control field DLC
005 - DATE AND TIME OF LATEST TRANSACTION
control field 20260227111339.0
008 - FIXED-LENGTH DATA ELEMENTS--GENERAL INFORMATION
fixed length control field 851121s1934 ii abf b 000 0 eng c
010 ## - LIBRARY OF CONGRESS CONTROL NUMBER
LC control number gs 34001038
035 ## - SYSTEM CONTROL NUMBER
System control number (OCoLC)12830599
040 ## - CATALOGING SOURCE
Original cataloging agency U.S. Geol. Survey. Library
Transcribing agency TxHR
Modifying agency DLC
042 ## - AUTHENTICATION CODE
Authentication code premarc
050 00 - LIBRARY OF CONGRESS CALL NUMBER
Classification number QE295
Item number .A4 vol.63, pt.2
100 1# - MAIN ENTRY--PERSONAL NAME
Personal name Jones, Hubert Cecil,
Dates associated with a name 1881-
245 14 - TITLE STATEMENT
Title The iron-ore deposits of Bihar and Orissa,
Statement of responsibility, etc. by H. Cecil Jones.
260 ## - PUBLICATION, DISTRIBUTION, ETC.
Place of publication, distribution, etc. Calcutta,
Name of publisher, distributor, etc. Office of the Geological Survy of India,
Date of publication, distribution, etc. 1934.
300 ## - PHYSICAL DESCRIPTION
Extent iv, 167-302, xxv p. incl. tables.
Other physical details 13-31 pl. (incl. fold. map)
Dimensions 27 cm.
410 20 - SERIES STATEMENT/ADDED ENTRY--CORPORATE NAME [OBSOLETE, CAN/MARC], [LOCAL, USA]
Corporate name or jurisdiction name as entry element Geological Survey of India.
Title of a work Memoirs,
Volume number/sequential designation vol. LXIII, pt. 2
504 ## - BIBLIOGRAPHY, ETC. NOTE
Bibliography, etc. note Bibliography: p. 300-302.
650 #0 - SUBJECT ADDED ENTRY--TOPICAL TERM
Topical term or geographic name entry element Iron ores
Geographic subdivision India
-- Bihar and Orissa.
650 #0 - SUBJECT ADDED ENTRY--TOPICAL TERM
Topical term or geographic name entry element Geology
Geographic subdivision India
-- Bihar and Orissa.

No items available.

Powered by Koha